Water for all: from firm promises to new realism? /

সংরক্ষণ করুন:
গ্রন্থ-পঞ্জীর বিবরন
প্রধান লেখক: Hemson, David
বিন্যাস: পাঠ‍্য
ট্যাগগুলো: ট্যাগ যুক্ত করুন
কোনো ট্যাগ নেই, প্রথমজন হিসাবে ট্যাগ করুন!

MARC

LEADER 00000 a a2200000 04500
001 43891
003
040
100 |a Hemson, David  
245 |a Water for all:   |b from firm promises to new realism? /  |c David Hemson  
773 |g páginas 13-46 : tablas  
999 |c 27884  |d 27884